[Event "Analamanga-ch"]
[Site "Antananarivo"]
[Date "2015.08.16"]
[Round "6"]
[White "Ramorasata, Anjatoky"]
[Black "Andriniaina, Nantenaina"]
[Result "1-0"]
[WhiteElo "1724"]
[BlackElo "1908"]
[PlyCount "68"]
[EventDate "2015.08.15"]
[EventType "swiss"]
[EventRounds "6"]
[EventCountry "MAD"]
[SourceTitle "EXT 2018"]
[Source "ChessBase"]
[SourceDate "2017.10.13"]
[SourceVersion "1"]
[SourceVersionDate "2017.10.13"]
[SourceQuality "1"]

1. e4 c5 2. Nc3 d6 3. f4 Nc6 4. Nf3 g6 5. Bb5 Bd7 6. 0-0 Bg7 7. d3 a6 8. Ba4 Bxc3 9. bxc3 Qa5 10. Bb3 Qxc3 11. Rb1 Qg7 12. Ng5 Nh6 13. Bb2 f6 14. e5 Qf8 15. exf6 exf6 16. Ne4 0-0-0 17. Bxf6 Nf5 18. Qd2 h5 19. Bd5 Re8 20. Bxh8 Qxh8 21. Rb6 Qd4+ 22. Kh1 Qxd5 23. Nf6 Qf7 24. Nxe8 Qxe8 25. Rfb1 Nb4 26. c3 Qd8 27. Rxb7 Kxb7 28. cxb4 Qb6 29. Qe1 c4 30. dxc4 Qe3 31. Qf1 Bc6 32. b5 axb5 33. cxb5 Be4 34. Re1 Qd2 1-0

[Event "Analamanga-ch"]
[Site "Antananarivo"]
[Date "2015.08.15"]
[Round "3"]
[White "Andriniaina, Nantenaina"]
[Black "Rambalohery, Jose"]
[Result "1-0"]
[WhiteElo "1908"]
[BlackElo "1675"]
[PlyCount "95"]
[EventDate "2015.08.15"]
[EventType "swiss"]
[EventRounds "6"]
[EventCountry "MAD"]
[SourceTitle "EXT 2018"]
[Source "ChessBase"]
[SourceDate "2017.10.13"]
[SourceVersion "1"]
[SourceVersionDate "2017.10.13"]
[SourceQuality "1"]

1. e4 c5 2. Nf3 Nc6 3. d4 cxd4 4. Nxd4 d6 5. Nc3 g6 6. Be3 Bg7 7. Bc4 e6 8. Qd2 Ne5 9. Bb3 Bd7 10. f3 a6 11. 0-0-0 Rc8 12. Nde2 Bc6 13. Qxd6 Qxd6 14. Rxd6 Nf6 15. h4 h5 16. Rhd1 0-0 17. Nd4 Rfe8 18. Nxe6 fxe6 19. Bxe6+ Rxe6 20. Rxe6 Kf7 21. Rxe5 Ng4 22. fxg4 Bxe5 23. gxh5 gxh5 24. Nd5 Rg8 25. Rf1+ Ke6 26. Bg5 Bxd5 27. exd5+ Kxd5 28. Rf7 b5 29. Rh7 Rh8 30. Rxh8 Bxh8 31. g3 Ke4 32. b3 Bc3 33. Kd1 Kf3 34. Bf4 Bd4 35. c4 bxc4 36. bxc4 Ke4 37. Kc2 Bc5 38. Kc3 a5 39. Kb3 Kd3 40. Bc7 Kd4 41. Bxa5 Bd6 42. Bb6+ Ke4 43. c5 Bxg3 44. c6 Kf5 45. c7 Bxc7 46. Bxc7 Kg4 47. Bd8 Kf5 48. Kc4 1-0